[Event "World Junior U20 Open 2018"]
[Site "Gebze"]
[Date "2018.09.10"]
[Round "6.74"]
[White "Eren, Ataberk"]
[Black "Akin, Kadir"]
[Result "1/2-1/2"]
[WhiteElo "2180"]
[BlackElo "1974"]
[Annotator "NA"]
[PlyCount "128"]
[EventDate "2018.09.05"]
[EventType "swiss"]
[EventCountry "TUR"]
[SourceTitle "playchess.com"]
[Source "ChessBase"]
[SourceQuality "1"]
[TimeControl "40/5400+30:1800+30"]

1. d4 {[%emt 0:00:30]} Nf6 {[%emt 0:00:30]} 2. c4 {[%emt 0:00:30]} e6 {[%emt 0:00:00]} 3. Nf3 {[%emt 0:00:00]} d5 {[%emt 0:00:00]} 4. Nc3 {[%emt 0:00:00]} Nbd7 {[%emt 0:00:30]} 5. Bg5 {[%emt 0:00:00]} c6 {[%emt 0:00:30]} 6. cxd5 {[%emt 0:00:00]} exd5 {[%emt 0:01:30]} 7. e3 {[%emt 0:00:30]} Be7 {[%emt 0:00:00]} 8. Bd3 {[%emt 0:00:30]} h6 {[%emt 0:06:00]} 9. Bh4 {[%emt 0:00:00]} Ne4 {[%emt 0:01:30]} 10. Bxe7 {[%emt 0:00:30]} Qxe7 {[%emt 0:00:00]} 11. Qc2 {[%emt 0:00:00]} Ndf6 {[%emt 0:06:00]} 12. O-O {[%emt 0:01:00]} O-O {[%emt 0:03:30]} 13. Rab1 {[%emt 0:00:30] D35: Damengambit (Abtauschvariante)} (13. Ne5 Nxc3 14. Qxc3 Ng4 15. Nxg4 Bxg4 16. h3 Be6 17. b4 a5 18. b5 cxb5 19. Bxb5 Rfc8 20. Qb3 Rc7 {0-1 (47) Kozlov,O (2306)-Gertsyk,N (2316) Ekaterinburg 2010}) 13... Nxc3 {[%emt 0:07:30]} 14. Qxc3 {[%emt 0:00:30]} Ne4 $146 {[%emt 0:00:30]} ({Vorgänger:} 14... Ne8 15. b4 Nd6 16. b5 cxb5 17. Bxb5 Bf5 18. Bd3 Rac8 19. Qa3 Bxd3 20. Qxd3 Rc7 21. Rfc1 Rfc8 22. Rxc7 Qxc7 {0-1 (62) Borges,G-Tournies,M Merida 1997}) 15. Qc2 {[%emt 0:00:30]} a5 {[%emt 0:00:30]} 16. Ne5 {[%emt 0:00:30]} Nf6 {[%emt 0:13:30]} 17. a3 {[%emt 0:00:30]} a4 {[%emt 0:02:30]} 18. Rbc1 {[%emt 0:00:30]} Be6 {[%emt 0:01:30]} 19. Rfe1 {[%emt 0:01:30]} Nd7 {[%emt 0:00:30]} 20. Nf3 {[%emt 0:00:30]} Rfc8 {[%emt 0:04:30]} 21. Qb1 {[%emt 0:06:00]} Qd6 {[%emt 0:02:30]} 22. h3 {[%emt 0:01:30]} b6 {[%emt 0:11:30]} 23. Rc3 {[%emt 0:04:30]} c5 {[%emt 0:02:30]} 24. Bb5 {[%emt 0:30:30]} Ra5 {[%emt 0:00:30]} 25. Bf1 {[%emt 0:00:30]} c4 {[%emt 0:02:30]} 26. Nd2 b5 {[%emt 1:10:00]} 27. e4 {[%emt 1:14:30]} dxe4 {[%emt 0:03:30]} 28. Nxe4 {[%emt 0:08:30]} Qxd4 {[%emt 0:01:30]} 29. Rd1 {[%emt 0:00:00]} Qe5 {[%emt 0:01:30]} 30. Re3 {[%emt 0:00:00]} Rc7 {[%emt 0:08:30]} 31. Qc1 {[%emt 0:01:30]} Ra8 {[%emt 0:01:35]} 32. Nd6 {[%emt 0:01:55]} Qc5 {[%emt 0:00:30]} 33. Rg3 {[%emt 0:03:33]} Kh8 {[%emt 0:01:51]} 34. Qf4 {[%emt 0:05:12]} Nf6 {[%emt 0:03:12]} 35. Nxb5 {[%emt 0:03:30]} Rb7 {[%emt 0:02:25]} 36. Nd4 {[%emt 0:00:40]} Rxb2 {[%emt 0:00:50]} 37. Nxe6 {[%emt 0:00:30]} fxe6 {[%emt 0:00:30]} 38. Qd4 {[%emt 0:02:32]} Qxd4 {[%emt 0:01:33]} 39. Rxd4 {[%emt 0:00:30]} Rb1 {[%emt 0:00:26]} 40. Rc3 {[%emt 0:00:00]} Rab8 {[%emt 0:00:00]} 41. Rdxc4 {[%emt 0:09:38]} Ra1 {[%emt 0:04:38]} 42. Rc8+ {[%emt 0:04:30]} Rxc8 {[%emt 0:00:30]} 43. Rxc8+ {[%emt 0:00:30]} Kh7 {[%emt 0:00:30]} 44. g3 {[%emt 0:05:51]} Rxa3 {[%emt 0:01:30]} 45. Ra8 {[%emt 0:01:33]} Nd5 {[%emt 0:02:30]} 46. Kg2 {[%emt 0:02:32]} Kg6 {[%emt 0:00:30]} 47. Ra6 {[%emt 0:00:43]} Kf5 {[%emt 0:00:30]} 48. Be2 $1 {[%emt 0:00:17]} Nf6 {[%emt 0:10:30]} 49. Bb5 {[%emt 0:01:21]} Ke5 {[%emt 0:09:50]} 50. Bxa4 {[%emt 0:02:46]} Nd5 {[%emt 0:00:16]} 51. Bb5 {[%emt 0:00:43]} Rxa6 {[%emt 0:00:07]} 52. Bxa6 {[%emt 0:00:51]} Kf6 {[%emt 0:00:12]} 53. Kf3 {[%emt 0:00:00]} Nc3 {[%emt 0:00:30]} 54. Bc4 {[%emt 0:00:24]} e5 {[%emt 0:00:30]} 55. Ke3 {[%emt 0:00:00]} Na4 {[%emt 0:00:16]} 56. Kf3 {[%emt 0:01:14]} Nc3 {[%emt 0:00:19]} 57. Bb3 {[%emt 0:00:11]} Kf5 {[%emt 0:00:28]} 58. Bc2+ {[%emt 0:00:20]} Ke6 $11 {[%emt 0:00:25]} 59. Kg4 {[%emt 0:00:30]} Kf6 {[%emt 0:00:00]} 60. Kh5 {[%emt 0:00:00]} Ne2 {[%emt 0:00:20]} 61. h4 {[%emt 0:00:15]} Nd4 {[%emt 0:00:13]} 62. Be4 {[%emt 0:01:07]} Ne6 {[%emt 0:00:05]} 63. Bd5 {[%emt 0:00:00]} Nc5 {[%emt 0:00:52]} 64. Kg4 {[%emt 0:01:50]} Nd3 {[%emt 0:00:39]} 1/2-1/2

[Event "World Junior U20 Open 2018"]
[Site "Gebze"]
[Date "2018.09.10"]
[Round "6.76"]
[White "Dedebas, Emre Emin"]
[Black "Helander, Benjamin"]
[Result "1/2-1/2"]
[WhiteElo "2334"]
[BlackElo "1994"]
[Annotator "NA"]
[PlyCount "57"]
[EventDate "2018.09.05"]
[EventType "swiss"]
[EventCountry "TUR"]
[SourceTitle "playchess.com"]
[Source "ChessBase"]
[SourceQuality "1"]
[TimeControl "40/5400+30:1800+30"]

1. d4 {[%emt 0:00:30]} Nf6 {[%emt 0:00:30]} 2. c4 {[%emt 0:00:00]} c5 {[%emt 0:00:30]} 3. d5 {[%emt 0:00:00]} b5 {[%emt 0:01:00]} 4. cxb5 {[%emt 0:00:30]} a6 {[%emt 0:00:30]} 5. b6 {[%emt 0:00:30]} e6 {[%emt 0:03:30]} 6. Nc3 {[%emt 0:12:30]} Qxb6 {[%emt 0:10:30]} 7. e4 {[%emt 0:03:30]} d6 {[%emt 0:00:30]} 8. Bc4 {[%emt 0:00:30]} Be7 {[%emt 0:09:30]} 9. dxe6 {[%emt 0:06:30]} Bxe6 {[%emt 0:01:30]} 10. Bxe6 {[%emt 0:01:30]} fxe6 {[%emt 0:00:30]} 11. Nf3 {[%emt 0:07:30]} Nc6 {[%emt 0:06:30]} 12. O-O {[%emt 0:04:30]} O-O {[%emt 0:02:30]} 13. Ng5 {[%emt 0:07:30]} Nd4 {[%emt 0:10:30]} 14. Be3 {[%emt 0:03:30]} h6 $11 {[%emt 0:09:30]} 15. Bxd4 hxg5 16. Be3 Qxb2 17. Qd3 {[%emt 1:05:30]} Ng4 {[%emt 1:21:06]} 18. Qc4 {[%emt 0:07:30]} d5 {[%emt 0:07:11]} 19. exd5 {[%emt 0:06:30]} Nxe3 {[%emt 0:04:59]} 20. fxe3 {[%emt 0:00:30]} Qb4 {[%emt 0:00:30]} 21. Qd3 {[%emt 0:03:47]} Bf6 {[%emt 0:01:01]} 22. Rac1 {[%emt 0:04:12]} Bxc3 {[%emt 0:01:07]} 23. Qxc3 {[%emt 0:00:34]} Rxf1+ {[%emt 0:02:02]} 24. Kxf1 {[%emt 0:00:06]} Rf8+ {[%emt 0:00:14]} 25. Kg1 {[%emt 0:01:14]} exd5 {[%emt 0:01:16]} 26. Qd3 {[%emt 0:05:22]} d4 {[%emt 0:00:50]} 27. exd4 {[%emt 0:04:15]} cxd4 {[%emt 0:00:30]} 28. Qc4+ {[%emt 0:00:30]} Qxc4 {[%emt 0:00:30]} 29. Rxc4 {[%emt 0:01:04]} 1/2-1/2

[Event "World Junior U20 Open 2018"]
[Site "Gebze"]
[Date "2018.09.10"]
[Round "6.77"]
[White "Akdogan, Alperen"]
[Black "Beukema, Christiaan"]
[Result "1-0"]
[WhiteElo "2278"]
[BlackElo "1904"]
[Annotator "NA"]
[PlyCount "61"]
[EventDate "2018.09.05"]
[EventType "swiss"]
[EventCountry "TUR"]
[SourceTitle "playchess.com"]
[Source "ChessBase"]
[SourceQuality "1"]
[TimeControl "40/5400+30:1800+30"]

1. d4 {[%emt 0:00:30]} d5 {[%emt 0:00:30]} 2. Nf3 {[%emt 0:00:30]} Nf6 {[%emt 0:00:30]} 3. c4 {[%emt 0:00:00]} e6 {[%emt 0:00:00]} 4. g3 {[%emt 0:00:30]} Bb4+ {[%emt 0:01:00]} 5. Bd2 {[%emt 0:02:00] E01: Catalan: Early deviations} Bd6 {[%emt 0:01:30]} (5... Be7 6. Bg2 O-O 7. O-O Nbd7 8. Nc3 c6 9. Bf4 dxc4 10. e4 Re8 11. a4 b6 12. d5 exd5 13. exd5 Bb7 14. a5 bxa5 15. d6 Bf8 16. Nd2 Nd5 17. Nxd5 cxd5 18. Nxc4 dxc4 19. Bxb7 {½-½ (42) Nakamura,H (2777)-Karjakin,S (2773) Saint Louis 2018}) 6. Bg2 {[%emt 0:00:30]} c6 {[%emt 0:00:30]} 7. Nc3 {[%emt 0:05:30]} dxc4 {[%emt 0:05:30]} 8. e4 $146 {[%emt 0:02:30]} ({Predecessor:} 8. Ne5 Bxe5 9. dxe5 Nd5 10. Ne4 O-O 11. Qc2 h6 12. Qxc4 b6 {½-½ (37) Flumbort,A (2446)-Orosz,A (2334) Hungary 2016}) 8... Be7 {[%emt 0:02:30]} 9. a4 {[%emt 0:05:30]} Na6 {[%emt 0:05:30]} 10. O-O {[%emt 0:00:30]} Nc7 {[%emt 0:00:30]} 11. a5 {[%emt 0:26:30]} Nb5 {[%emt 0:05:30]} 12. Nxb5 {[%emt 0:04:30]} cxb5 {[%emt 0:00:30]} 13. Qe2 {[%emt 0:06:30]} a6 {[%emt 0:03:30]} 14. Rfd1 {[%emt 0:02:30]} O-O {[%emt 0:04:30]} 15. Bf4 {[%emt 0:21:30]} Bb4 {[%emt 0:05:30]} 16. Ne5 {[%emt 0:03:30]} Nd7 {[%emt 0:51:00]} 17. d5 {[%emt 1:31:59]} Nxe5 {[%emt 0:00:30]} 18. Bxe5 {[%emt 0:00:30]} exd5 {[%emt 0:00:30]} 19. Rxd5 {[%emt 0:00:30]} Qe7 {[%emt 0:00:30]} 20. Rad1 {[%emt 0:00:30]} Be6 {[%emt 0:00:30]} 21. Bd6 {[%emt 0:00:30]} Bxd6 {[%emt 0:00:30]} 22. Rxd6 {[%emt 0:00:30]} Rad8 {[%emt 0:00:30]} 23. e5 {[%emt 0:00:30]} Bc8 {[%emt 0:00:30]} 24. Qd2 {[%emt 0:00:30]} Rxd6 {[%emt 0:00:30]} 25. exd6 {[%emt 0:00:00]} Qd7 {[%emt 0:15:30]} 26. Re1 $16 {[%emt 0:03:08]} Rd8 {[%emt 0:09:30]} 27. Re7 {[%emt 0:01:17]} Qf5 {[%emt 0:00:30]} 28. Bd5 {[%emt 0:02:15]} Be6 {[%emt 0:01:30]} 29. d7 {[%emt 0:01:34]} Kf8 {[%emt 0:01:30]} 30. Re8+ {[%emt 0:00:12]} Rxe8 {[%emt 0:00:30]} 31. Qb4+ {[%emt 0:00:06]} 1-0

[Event "World Junior U20 Open 2018"]
[Site "Gebze"]
[Date "2018.09.10"]
[Round "6.78"]
[White "Daghan, Devran"]
[Black "Karaoglan, Doruk"]
[Result "1-0"]
[WhiteElo "2004"]
[BlackElo "2196"]
[Annotator "NA"]
[PlyCount "75"]
[EventDate "2018.09.05"]
[EventType "swiss"]
[EventCountry "TUR"]
[SourceTitle "playchess.com"]
[Source "ChessBase"]
[SourceQuality "1"]
[TimeControl "40/5400+30:1800+30"]

1. e4 {[%emt 0:00:30]} c5 {[%emt 0:00:30]} 2. Nf3 {[%emt 0:00:00]} d6 {[%emt 0:00:00]} 3. d4 {[%emt 0:00:00]} cxd4 {[%emt 0:00:00]} 4. Nxd4 {[%emt 0:00:30]} Nf6 {[%emt 0:00:30]} 5. Nc3 {[%emt 0:00:30]} g6 {[%emt 0:00:30]} 6. f4 {[%emt 0:00:30]} Nc6 {[%emt 0:00:30]} 7. Bb5 {[%emt 0:00:30]} Bd7 {[%emt 0:18:30]} 8. Bxc6 {[%emt 0:01:30]} Bxc6 {[%emt 0:08:30]} 9. e5 {[%emt 0:03:30]} dxe5 {[%emt 0:04:30]} 10. fxe5 {[%emt 0:00:30]} Ne4 {[%emt 0:07:30]} 11. Nxe4 {[%emt 0:17:30]} Bxe4 {[%emt 0:00:30]} 12. e6 {[%emt 0:15:30]} ({Lieber} 12. O-O $15) 12... f5 {[%emt 0:07:30]} 13. c3 {[%emt 0:01:30]} Qa5 {[%emt 1:03:30]} 14. Nxf5 $17 {[%emt 1:18:28]} ({Better is} 14. Qe2 $15) 14... Rd8 {[%emt 0:00:30]} 15. Nd4 {[%emt 0:00:30]} Bxg2 {[%emt 0:00:30]} 16. Rg1 {[%emt 0:00:30]} Bg7 {[%emt 0:00:30]} 17. Rxg2 {[%emt 0:03:03]} Bxd4 {[%emt 0:09:30]} 18. Rd2 {[%emt 0:03:26]} Qe5+ {[%emt 0:00:30]} 19. Qe2 {[%emt 0:00:30]} Qxe2+ {[%emt 0:03:30]} 20. Kxe2 {[%emt 0:00:00]} Be5 {[%emt 0:08:08]} 21. Rxd8+ {[%emt 0:00:23]} Kxd8 {[%emt 0:00:30]} 22. Bg5 {[%emt 0:01:58]} Bd6 {[%emt 0:12:11]} 23. Rd1 {[%emt 0:00:38]} Kc8 {[%emt 0:00:04]} 24. h3 {[%emt 0:10:56]} Rf8 {[%emt 0:00:30]} 25. Rf1 {[%emt 0:00:30]} Rxf1 {[%emt 0:00:30]} 26. Kxf1 {[%emt 0:00:30]} Kc7 {[%emt 0:00:30]} 27. Ke2 {[%emt 0:00:30]} Kc6 {[%emt 0:00:30]} 28. c4 {[%emt 0:00:30]} h6 {[%emt 0:00:30]} 29. Bxh6 {[%emt 0:00:30]} Be5 {[%emt 0:01:13]} 30. b3 {[%emt 0:00:52]} Kd6 {[%emt 0:00:30]} 31. Kd3 {[%emt 0:00:30]} Kxe6 {[%emt 0:00:07]} 32. Ke4 {[%emt 0:00:00]} Bd6 {[%emt 0:00:30]} 33. Be3 {[%emt 0:00:08]} b6 {[%emt 0:00:44]} 34. Bd2 {[%emt 0:00:36]} Kd7 {[%emt 0:00:55]} 35. b4 {[%emt 0:01:08]} Ke6 {[%emt 0:00:59]} 36. a4 {[%emt 0:00:37]} Kd7 {[%emt 0:00:34]} 37. b5 {[%emt 0:00:00]} Ke6 {[%emt 0:00:00]} 38. a5 {[%emt 0:00:00]} 1-0

[Event "World Junior U20 Open 2018"]
[Site "Gebze"]
[Date "2018.09.10"]
[Round "6.79"]
[White "Sezdbekov, Ruslan"]
[Black "Nurgaliyev, Sauat"]
[Result "1-0"]
[WhiteElo "2160"]
[BlackElo "1685"]
[Annotator "NA"]
[PlyCount "75"]
[EventDate "2018.09.05"]
[EventType "swiss"]
[EventCountry "TUR"]
[SourceTitle "playchess.com"]
[Source "ChessBase"]
[SourceQuality "1"]
[TimeControl "40/5400+30:1800+30"]

1. e4 {[%emt 0:00:30]} e5 {[%emt 0:00:30]} 2. Nf3 {[%emt 0:00:30]} Nf6 {[%emt 0:00:00]} 3. d4 {[%emt 0:00:00]} exd4 {[%emt 0:01:00]} 4. e5 {[%emt 0:00:00]} Ne4 {[%emt 0:00:30] LiveBook: 296 Games} 5. Qxd4 {[%emt 0:00:30]} d5 {[%emt 0:00:00]} 6. exd6 {[%emt 0:00:30]} Nxd6 {[%emt 0:00:00]} 7. Bg5 {[%emt 0:00:30]} f6 {[%emt 0:00:30]} 8. Be3 {[%emt 0:01:30] C43: Petroff Defence: 3 d4} (8. Bf4 Nc6 9. Qa4 Bd7 {½-½ (9) Sveshnikov,E (2523)-Neiksans,A (2568) Riga 2014}) 8... Nc6 {[%emt 0:00:30]} 9. Qa4 {[%emt 0:01:30]} g6 $146 {[%emt 0:05:30]} ({Predecessor:} 9... Bd7 10. Nc3 Ne5 11. Qb3 Nxf3+ 12. gxf3 Bc6 13. Nd5 Qd7 14. O-O-O Qf7 15. c4 Bxd5 16. cxd5 {1-0 (46) Rudolf,A (2185)-Marosi,C (2141) Hungary 2004}) 10. Nc3 {[%emt 0:03:30]} Bg7 {[%emt 0:01:30]} 11. Bc4 {[%emt 0:00:30]} Bd7 {[%emt 0:00:30]} 12. Bb3 {[%emt 0:03:30]} Ne5 {[%emt 0:10:30]} 13. Qd4 {[%emt 0:02:30]} ({White should play} 13. Qf4 $16) 13... Bc6 $2 {[%emt 0:06:30] [#]} ({Black should try} 13... Nf5 $14 14. Qf4 Bh6) 14. Nxe5 {[%emt 0:08:30]} (14. O-O-O $1 $18) 14... fxe5 {[%emt 0:01:30]} 15. Qg4 {[%emt 0:00:00]} Nf5 {[%emt 0:18:30]} 16. h4 {[%emt 0:02:00]} Bf6 {[%emt 0:11:30]} 17. h5 {[%emt 0:02:30]} Bd7 {[%emt 0:01:30]} 18. Qc4 {[%emt 0:00:30]} Nd6 {[%emt 0:02:30]} 19. Qe2 {[%emt 0:00:30]} g5 {[%emt 0:05:30]} 20. O-O-O {[%emt 0:00:30]} Bc6 {[%emt 0:08:30]} 21. Kb1 {[%emt 0:02:30]} Qe7 {[%emt 0:02:30]} 22. Bd5 {[%emt 0:00:30]} Bd7 $18 {[%emt 0:03:25]} 23. Bc5 {[%emt 0:00:30]} O-O-O {[%emt 0:06:49]} 24. Bxa7 {[%emt 0:04:30]} Bf5 {[%emt 0:03:50]} 25. g4 {[%emt 0:00:30]} Be6 {[%emt 0:00:41]} 26. Bc5 {[%emt 0:01:30]} Qf7 {[%emt 0:01:57]} 27. Rh3 {[%emt 0:00:30]} e4 {[%emt 0:05:27]} 28. Bxe6+ {[%emt 0:01:30]} Qxe6 {[%emt 0:00:30]} 29. Nd5 {[%emt 0:00:00]} Ne8 {[%emt 0:00:56]} 30. c4 {[%emt 0:01:00]} Ng7 {[%emt 0:01:03]} 31. Ra3 {[%emt 0:00:30]} b6 {[%emt 0:00:32]} 32. Bb4 {[%emt 0:00:30]} Kb7 {[%emt 0:00:20]} 33. Nxf6 {[%emt 0:02:30]} Rxd1+ {[%emt 0:01:08]} 34. Qxd1 {[%emt 0:00:00]} Qxf6 {[%emt 0:00:21]} 35. Qd5+ {[%emt 0:00:00]} c6 {[%emt 0:00:25]} 36. Qd7+ {[%emt 0:00:00]} Kb8 {[%emt 0:00:22]} 37. Ra7 {[%emt 0:00:00]} Qf7 {[%emt 0:00:39]} 38. Bd6# {[%emt 0:00:30]} 1-0

[Event "World Junior U20 Open 2018"]
[Site "Gebze"]
[Date "2018.09.10"]
[Round "6.80"]
[White "Ismayilov, Muhammad"]
[Black "Fleri, Matthew"]
[Result "1-0"]
[WhiteElo "2137"]
[BlackElo "1625"]
[Annotator "NA"]
[PlyCount "87"]
[EventDate "2018.09.05"]
[EventType "swiss"]
[EventCountry "TUR"]
[SourceTitle "playchess.com"]
[Source "ChessBase"]
[SourceQuality "1"]
[TimeControl "40/5400+30:1800+30"]

1. e4 {[%emt 0:00:30]} c5 {[%emt 0:00:30]} 2. Nf3 {[%emt 0:00:30]} d6 {[%emt 0:00:30]} 3. d4 {[%emt 0:00:30]} cxd4 {[%emt 0:00:00]} 4. Qxd4 {[%emt 0:00:00]} Nc6 {[%emt 0:00:00]} 5. Bb5 {[%emt 0:00:00]} Bd7 {[%emt 0:00:30]} 6. Bxc6 {[%emt 0:00:00]} Bxc6 {[%emt 0:00:00]} 7. Nc3 {[%emt 0:00:00]} Nf6 {[%emt 0:00:00]} 8. Bg5 {[%emt 0:00:30]} e6 {[%emt 0:00:00]} 9. O-O-O {[%emt 0:00:30]} Be7 {[%emt 0:00:00]} 10. e5 {[%emt 0:02:30] LiveBook: 4 Games} dxe5 {[%emt 0:28:30] B53: Sicilian: 2...d6: Lines with Qxd4} 11. Qxe5 {[%emt 0:00:30]} Qb8 {[%emt 0:00:30]} 12. Qxb8+ {[%emt 0:03:30]} (12. Bf4 Qxe5 13. Bxe5 O-O 14. Nd4 Bxg2 15. Rhg1 Bc6 16. Nxc6 bxc6 17. Rd4 g6 18. Rc4 {0-1 (44) Trkulja,G (2379)-Parligras,M (2626) Sarajevo 2011}) 12... Rxb8 {[%emt 0:00:30]} 13. Ne5 {[%emt 0:01:30]} Nd5 $146 {[%emt 0:16:30]} ({Predecessor:} 13... Bxg2 14. Rhg1 Bh3 15. Be3 Bf5 16. Bxa7 Rc8 17. Rd2 O-O 18. f3 {0-1 (37) Panov,O (2183)-Khvorostyanov,A (2294) ICCF email 2011}) 14. Ne4 {[%emt 0:15:30]} Rc8 {[%emt 0:15:30]} 15. Bxe7 {[%emt 0:28:30]} Kxe7 {[%emt 0:01:30]} 16. Rhe1 {[%emt 0:02:30]} Rhd8 {[%emt 0:03:30]} 17. Ng5 {[%emt 0:08:30]} f6 {[%emt 0:01:30]} 18. Nxe6 {[%emt 0:02:30]} fxe5 {[%emt 0:02:30]} 19. Nxd8 {[%emt 0:00:30]} Rxd8 {[%emt 0:00:00]} 20. Rxe5+ {[%emt 0:01:30]} Kf6 {[%emt 0:02:00]} 21. Re2 {[%emt 0:05:30]} Rc8 {[%emt 0:01:30]} 22. Rd4 {[%emt 0:02:30]} Kf7 $14 {[%emt 0:04:30]} 23. Kd2 {[%emt 0:01:30]} Nf6 {[%emt 0:01:30]} 24. f3 {[%emt 0:00:30]} Bb5 {[%emt 0:01:12]} 25. Re1 {[%emt 0:01:30]} Bd7 {[%emt 0:01:22]} 26. c4 {[%emt 0:01:52]} Be6 {[%emt 0:01:00]} 27. b3 {[%emt 0:00:45]} Rc6 {[%emt 0:00:56]} 28. g4 {[%emt 0:02:12]} Ra6 {[%emt 0:01:03]} 29. a4 {[%emt 0:01:02]} Nd7 {[%emt 0:01:30]} 30. Kc3 {[%emt 0:01:40]} Nc5 {[%emt 0:01:47]} 31. Re5 {[%emt 0:00:22]} Ra5 {[%emt 0:01:21]} 32. Re2 {[%emt 0:01:33]} Ra6 {[%emt 0:00:57]} 33. h3 {[%emt 0:01:44]} Rc6 {[%emt 0:00:34]} 34. f4 {[%emt 0:02:06]} g6 {[%emt 0:00:30]} 35. Re5 {[%emt 0:01:06]} Kf6 {[%emt 0:00:34]} 36. Rd8 {[%emt 0:02:27]} Nxa4+ {[%emt 0:00:49]} 37. bxa4 {[%emt 0:00:36]} Rxc4+ {[%emt 0:00:40]} 38. Kd3 {[%emt 0:00:22]} Rxf4 {[%emt 0:00:00]} 39. Re4 {[%emt 0:00:24]} Rf3+ {[%emt 0:01:28]} 40. Ke2 {[%emt 0:00:00]} Ra3 {[%emt 0:00:00]} 41. Rd6 {[%emt 0:03:49]} Ra2+ {[%emt 0:03:17]} 42. Kd3 {[%emt 0:00:30]} Ra3+ {[%emt 0:00:30]} 43. Kc2 {[%emt 0:00:30]} Ra2+ {[%emt 0:00:30]} 44. Kb1 {[%emt 0:00:30]} 1-0

[Event "World Junior U20 Open 2018"]
[Site "Gebze"]
[Date "2018.09.10"]
[Round "6.81"]
[White "Tuna, Alp"]
[Black "Caglar, Ahmet Ata"]
[Result "1/2-1/2"]
[WhiteElo "2253"]
[BlackElo "2071"]
[Annotator "TA"]
[PlyCount "26"]
[EventDate "2018.09.05"]
[EventType "swiss"]
[EventCountry "TUR"]
[SourceTitle "playchess.com"]
[Source "ChessBase"]
[SourceQuality "1"]

{[%evp 25,26,0,11]} 1. e4 e5 2. Nf3 Nc6 3. Bc4 Bc5 4. c3 {[%cal Bc2c3,Bc3d4][%mdl 32]} Nf6 5. d4 exd4 6. cxd4 Bb4+ 7. Bd2 Bxd2+ 8. Nbxd2 d5 9. exd5 Nxd5 10. Qb3 Na5 $146 ({Predecessor:} 10... Nce7 11. O-O O-O 12. Rfe1 c6 13. Ne4 Nb6 14. Bd3 Ned5 15. Nc5 Nf6 16. Rac1 Rb8 17. Qa3 a6 18. Qb3 Qc7 19. Ne4 Nfd5 20. Nc3 Qd6 21. Be4 {½-½ (36) Jones,G (2640)-Karjakin,S (2753) Wijk aan Zee 2018}) 11. Qa4+ Nc6 12. Qb3 Na5 13. Qa4+ Nc6 $1 1/2-1/2

[Event "World Junior U20 Open 2018"]
[Site "Gebze"]
[Date "2018.09.10"]
[Round "6.82"]
[White "Dionizio, Andre Filipe Nascim"]
[Black "Maltezeanu, Stefan"]
[Result "1-0"]
[WhiteElo "2010"]
[BlackElo "2089"]
[Annotator "NA"]
[PlyCount "109"]
[EventDate "2018.09.05"]
[EventType "swiss"]
[EventCountry "TUR"]
[SourceTitle "playchess.com"]
[Source "ChessBase"]
[SourceQuality "1"]
[TimeControl "40/5400+30:1800+30"]

1. e4 {[%emt 0:00:30]} c5 {[%emt 0:00:30]} 2. Nc3 {[%emt 0:00:00]} e6 {[%emt 0:00:00]} 3. Bc4 {[%emt 0:03:00]} Nc6 {[%emt 0:01:00]} 4. a4 {[%emt 0:02:30]} g6 {[%emt 0:00:30]} 5. d3 {[%emt 0:00:00]} Bg7 {[%emt 0:00:30]} 6. Be3 {[%emt 0:01:00]} Nd4 {[%emt 0:01:30]} 7. f4 {[%emt 0:04:30]} Ne7 {[%emt 0:00:30]} 8. Nce2 {[%emt 0:24:30]} O-O {[%emt 0:01:30]} 9. c3 {[%emt 0:04:30]} Nxe2 {[%emt 0:04:30]} 10. Nxe2 {[%emt 0:00:30]} d5 {[%emt 0:00:30]} 11. Bb3 {[%emt 0:00:30]} b6 {[%emt 0:04:30]} 12. O-O {[%emt 0:01:30]} Bb7 {[%emt 0:00:30]} 13. e5 {[%emt 0:04:30]} Nf5 {[%emt 0:01:30]} 14. Bf2 {[%emt 0:00:30]} d4 {[%emt 0:00:30]} 15. cxd4 {[%emt 0:02:30]} cxd4 {[%emt 0:00:30]} 16. Rc1 {[%emt 0:11:30]} Qd7 {[%emt 0:04:30]} 17. Qd2 {[%emt 0:02:30]} Rfd8 {[%emt 0:02:30]} 18. Rfd1 {[%emt 0:10:30]} Rac8 {[%emt 0:02:30]} 19. g4 {[%emt 0:04:30]} ({White should play} 19. Ng3 $15) 19... Ba8 {[%emt 0:02:30]} 20. gxf5 {[%emt 0:00:38]} Qb7 {[%emt 0:00:30]} 21. Kf1 {[%emt 0:00:22]} Qh1+ {[%emt 0:06:30]} 22. Ng1 {[%emt 0:01:45]} gxf5 {[%emt 0:02:30]} 23. Bg3 {[%emt 0:02:08]} Bf8 {[%emt 0:02:30]} 24. Qf2 {[%emt 0:01:33]} Be7 {[%emt 0:03:30]} 25. Ke2 {[%emt 0:00:06]} Qb7 {[%emt 0:00:30]} 26. Bh4 {[%emt 0:02:04]} Bxh4 {[%emt 0:01:30]} 27. Qxh4 {[%emt 0:00:06]} ({But not} 27. Rxc8 $2 Bxf2 28. Rxd8+ Kg7 $19) 27... Qg2+ {[%emt 0:01:30]} 28. Qf2 {[%emt 0:00:09]} Qg4+ {[%emt 0:00:30]} 29. Nf3 {[%emt 0:00:41]} Kh8 {[%emt 0:04:30]} 30. Qg3 {[%emt 0:01:05]} Qh5 {[%emt 0:00:00]} 31. Rxc8 {[%emt 0:00:39]} Rxc8 {[%emt 0:00:00] [#]} 32. Rg1 $1 {[%emt 0:00:35]} Bxf3+ {[%emt 0:01:30]} 33. Qxf3 {[%emt 0:00:30]} Qxh2+ {[%emt 0:00:30]} 34. Qf2 {[%emt 0:00:30]} Qh5+ {[%emt 0:00:30]} 35. Kd2 {[%emt 0:00:30]} Rg8 {[%emt 0:00:30]} 36. Rxg8+ {[%emt 0:00:30]} Kxg8 {[%emt 0:00:30]} 37. Qxd4 {[%emt 0:00:30]} Qh2+ {[%emt 0:00:30]} 38. Kc3 {[%emt 0:00:30]} h5 {[%emt 0:00:30]} 39. Qd8+ {[%emt 0:00:30]} Kg7 {[%emt 0:00:30]} 40. Qf6+ {[%emt 0:00:30]} Kg8 {[%emt 0:00:30]} 41. Bxe6 {[%emt 0:30:30]} fxe6 {[%emt 0:30:30]} 42. Qxe6+ {[%emt 0:00:30]} Kh8 {[%emt 0:00:30]} 43. Qf6+ {[%emt 0:00:30]} Kg8 {[%emt 0:00:30]} 44. e6 {[%emt 0:00:30]} Qxf4 {[%emt 0:00:30]} 45. Qf7+ {[%emt 0:00:30]} Kh8 {[%emt 0:00:30]} 46. Qxh5+ {[%emt 0:00:30]} Kg7 {[%emt 0:00:30]} 47. Qf7+ {[%emt 0:00:30]} Kh6 {[%emt 0:00:30]} 48. e7 {[%emt 0:00:30]} Qc1+ {[%emt 0:00:30]} 49. Kb3 {[%emt 0:00:30]} Qd1+ {[%emt 0:00:30]} 50. Kb4 {[%emt 0:00:30]} a5+ {[%emt 0:00:30]} 51. Kb5 {[%emt 0:00:30]} Qxd3+ {[%emt 0:00:30]} 52. Qc4 {[%emt 0:00:30]} Qe3 {[%emt 0:00:30]} 53. Qc6+ {[%emt 0:00:30]} Kg5 {[%emt 0:00:30]} 54. e8=Q {[%emt 0:00:30]} Qd3+ {[%emt 0:00:30]} 55. Qc4 {[%emt 0:00:30]} 1-0